| 000 | 00788nam a22002177a 4500 | ||
|---|---|---|---|
| 005 | 20170124110248.0 | ||
| 010 | _aA-239051 | ||
| 020 | _c00.00 | ||
| 035 | _aA-239051 | ||
| 037 | _bCen Lib/Ret | ||
| 040 |
_aDPL _bEN |
||
| 082 |
_a379.15 _bADM |
||
| 110 |
_aBangkok.Economic and Social Commission for Asia and Pacific _997986 |
||
| 245 |
_aAdministration of rural development in Asean countries : _bproceedings of the Colloquium on Administration of Rural Development in ASEAN Countries, 1983 / |
||
| 260 |
_bEconomic and Social Commission for Asia and Pacific _aBangkok |
||
| 270 | _bBangkok | ||
| 300 |
_av,470p. _c21cm(Hb) |
||
| 650 |
_aRural development -- Southeast Asia -- Management _997987 |
||
| 650 |
_aASEAN _997988 |
||
| 942 |
_2ddc _cEN _h379.15 _mADM |
||
| 999 |
_c135670 _d135670 |
||